000 01069cam a2200301 a 4500
001 2564107
003 OSt
005 20230606104759.0
008 951205s1997 nyuk b 001 0 eng
010 _a 95083301
020 _a0927629135
040 _aDLC
_cDLC
_dDLC
043 _an-us---
050 0 0 _aKF390.A96
_bC73 1997
082 0 0 _a346.7304/82
_bCRA
100 1 _aCrawford, Tad,
_d1946-
245 1 4 _aThe writer's legal guide.
250 _aRev. ed. /
_bTad Crawford, Tony Lyons.
260 _aNew York :
_bAllworth Press ;
_aCincinnati, Ohio :
_bDistributor to the trade in the U.S. and Canada, Writer's Digest Books,
_cc1997.
300 _a303 p. :
_bforms ;
_c23 cm.
504 _aIncludes bibliographical references (p. 293-294) and index.
650 0 _aAuthors
_xLegal status, laws, etc.
_zUnited States
_xPopular works.
650 0 _aCopyright
_zUnited States
_xPopular works.
700 1 _aLyons, Tony.
906 _a7
_bcbc
_corignew
_d2
_eopcn
_f19
_gy-gencatlg
942 _2ddc
_cBK
999 _c565
_d565